000 00877nac a22002291u 4500
010 _a010696449
020 _a0582238692 (pbk.)
028 _bwww.bl.uk.
082 _a620.1122.
_bT7257
090 _c2823
_d2823
100 _aTrethewey, Kenneth R. th Rich
245 _aCorrosion : for science and engineering /.
_c Kenneth R Trethewey, John Chamberlain
260 _aHarlow :
_bLongman Scientific & Technical,1995.
_c1995.
300 _axiv, 466 p . :
_b ill. ;
_c24 cm.
500 _aPrevious ed.: 1988.
504 _aIncludes bibliographical references and index.
650 _aCorrosion and anti-corrosives.
650 _aChamberlain, John, 1934-
700 _aChamberlain,John.
942 _cBB
_k620.1122.T7257
999 _c2823
_d2823